Meranie finančnej výkonnosti v podmienkach MSP bakalárska práca

Uložené v:
Podrobná bibliografia
Hlavný autor: Nováková, Patrícia
Korporativný autor: Podnikovohospodárska fakulta EU so sídlom v Košiciach. Katedra ekonómie a manažmentu
Ďalší autori: Freňáková, Magdaléna, 1981-
Médium: Kniha
Jazyk:Slovak
Vydavateľské údaje: Košice 2024
Tagy: Pridať tag
Žiadne tagy, Buďte prvý, kto otaguje tento záznam!

MARC

LEADER 00000nbm a2200000 4500
001 0301506
005 20250303083458.4
041 0 |a slo 
044 |a SK 
245 1 0 |a Meranie finančnej výkonnosti v podmienkach MSP  |b bakalárska práca  |c Patrícia Nováková ; školiteľ: Magdaléna Freňáková 
264 1 |a Košice  |c 2024 
300 |a 50 s. 
100 1 |a Nováková, Patrícia 
700 1 |a Freňáková, Magdaléna, 1981- 
710 2 |a Podnikovohospodárska fakulta EU so sídlom v Košiciach. Katedra ekonómie a manažmentu